000 00382nam a2200145Ia 4500
008 230917s9999||||xx |||||||||||||| ||und||
040 _e214489
_aMAIN
041 _aEnglish
082 _a664.024 A31T
100 _aAsha Kumari
245 0 _aTrends in food processing and preservation
260 _aNew Delhi
_bEnkay Publishing House
_c2013
300 _avii, 248 p.
942 _cBK
999 _c175297
_d175297